000 00506nam a22001817a 4500
003 DO-SdBNP
005 20180215151404.0
008 170116b1992 sp||||| |||| 00| 0 spa d
020 _a8434218461
040 _aBPMSU
_bspa
_cBPMSU
100 _aPiñol , Roser
245 _aDecora con móviles manualidades divertidas /
_cRoser Piñol
260 _aBarcelona :
_bParramón ,
_c1992
300 _a29 p. :
_bil. :
_c22 cm
942 _2ddc
_cBK
945 _aInventariado, 2018 / BT
956 _adgarcia
999 _c12467
_d12467